000 00260nam a2200109Ia 4500
008 200302s9999 xx 000 0 und d
100 _aFrancesca Prina
245 _aThe Story of Gothic Architecture
260 _bPrestel/ London
260 _c2011
300 _a142
999 _c4485
_d4485